Celia: una historia de enseñanza-aprendizaje en personaje femenino (Record no. 206527)

MARC details
000 -CABECERA
campo de control de longitud fija 01378nab a2200253 a 4500
005 - FECHA Y HORA DE LA ÚLTIMA TRANSACCIÓN
campo de control 20250930145000.0
008 - ELEMENTOS DE LONGITUD FIJA--INFORMACIÓN GENERAL
campo de control de longitud fija 991125c2019 sp fr p o 000 0 spa d
035 ## - NÚMERO DE CONTROL DEL SISTEMA
Número de control de sistema UPN01000234432
040 ## - FUENTE DE LA CATALOGACIÓN
Centro catalogador/agencia de origen MX-MxUPN
Lengua de catalogación spa
Centro/agencia transcriptor MX-MxUPN
Normas de descripción aacr2
049 ## - COLECCIÓN
Colección ART-E
100 1# - ASIENTO PRINCIPAL--NOMBRE PERSONAL
Nombre de persona De Ancos Morales, Beatriz
Enlace - beatriz.deancos@ucv.es
245 10 - MENCIÓN DE TÍTULO
Título Celia: una historia de enseñanza-aprendizaje en personaje femenino
Medio [recurso electrónico en línea]
506 0# - NOTA DE RESTRICCIONES AL ACCESO
Limitaciones de acceso Acceso abierto
520 3# - NOTA DE RESUMEN, ETC.
Sumario, etc. La educación literaria en las aulas comporta, no solo el aprecio literario de los textos, sino también la educación en valores para la formación de la personalidad del educando: sujeto en formación continua en la escuela. Las diversas historias del personaje femenino Celia Gálvez, creado por Elena Fortún para los jóvenes lectores, presentan el proceso de formación de una niña desde su primera infancia hasta la juventud durante la primera mitad del s. XX español.
650 #4 - ASIENTO SECUNDARIO DE MATERIA - TERMINO TEMATICO
Término de materia o nombre geográfico como elemento de entrada Aprendizaje
9 (RLIN) 2861
650 #4 - ASIENTO SECUNDARIO DE MATERIA - TERMINO TEMATICO
Término de materia o nombre geográfico como elemento de entrada Personalidad
9 (RLIN) 7690
650 #4 - ASIENTO SECUNDARIO DE MATERIA - TERMINO TEMATICO
Término de materia o nombre geográfico como elemento de entrada Valores
9 (RLIN) 308
653 0# - TERMINO DE INDIZACION - NO CONTROLADO
Término no controlado Educación literaria
773 ## - ENLACE AL DOCUMENTO FUENTE/ENTRADA DE REGISTRO ANFITRIÓN
Parte(s) relacionada(s) No. 20 (2019), p. 1-19
Título Álabe : revista de investigación sobre lectura y escritura
Número Internacional Normalizado para Publicaciones Seriadas 2171-9624
856 40 - LOCALIZACIÓN Y ACCESO ELECTRÓNICOS
Identificador Uniforme del Recurso <a href="http://revistaalabe.com/index/alabe/article/view/484/326">http://revistaalabe.com/index/alabe/article/view/484/326</a>
902 ## - ELEMENTOS DE DATOS B LOCAL, LDB (RLIN)
Creó GloriaJiménez/191022
Modificó GloriaJiménez/191022
905 ## - TIPO DE MATERIAL
Tipo de material Articulo
942 ## - ELEMENTOS DE PUNTO DE ACCESO ADICIONAL (KOHA)
Tipo de ítem Koha Artículo Electrónico
Holdings
Estado de retiro Estado de pérdida Estado dañado No para préstamo Código de colección Localización permanente Ubicación/localización actual Ubicación en estantería Fecha de adquisición Total de préstamos Fecha visto por última vez Identificador Uniforme del Recurso Precio válido a partir de Tipo de ítem Koha
        Acceso abierto Bib. Gregorio Torres Quintero Bib. Gregorio Torres Quintero En línea 19/10/2022   19/10/2022 http://revistaalabe.com/index/alabe/article/view/484/326 19/10/2022 Artículo Electrónico